ბათუმის შოთა რუსთაველის სახელმწიფო უნივერსიტეტის ბიბლიოთეკა

თანამედროვე ევროპა ციფრებში. უბის ცნობარი : (ბიბ.ჩანაწერი № 34584)

000 -ლიდერი
ფიქსირებული სიგრძის საკონტროლო ველი 01481nam a2200265Ia 4500
001 - საკონტროლო ნომერი
საკონტროლო ველი 345
003 - საკონტროლო ნომრის იდენტიფიკატორი
საკონტროლო ველი GE_BSU
005 - ბოლო ოპერაციის თარიღი და დრო
საკონტროლო ველი 20200128103447.0
008 - ფიქსირებული სიგრძის მონაცემთა ელემენტები - ზოგადი ინფორმაცია
ფიქსირებული სიგრძის საკონტროლო ველი 181216s2000||||ge |||||||||||||| ||geo||
020 ## - წიგნის საერთაშორისო სტანდარტული ნომერი
International Standard Book Number 9992883103
040 ## - კატალოგიზაციის წყარო
Transcribing agency GE_BSU
080 ## - უნივერსალური ათობითი კლასიფიკაციის ინდექსი
Universal Decimal Classification number 31(4)(035) თ-29
245 ## - ცნობა სათაურის შესახებ
Title თანამედროვე ევროპა ციფრებში. უბის ცნობარი :
Remainder of title ფაქტები და ციფრები დღევანდელი ევროპის 48 ქვეყნის შესახებ /
Statement of responsibility, etc მოსოტო ინთერნეშნლ ; [მთარგმნ.: გიორგი კორახაშვილი ; რედ.: გია ჭანტურია ; მხატვ.: ნელი რაინგოლდი].
250 ## - გამოცემის ცნობა
Edition statement მე-4 გამოც.
264 ## - წარმოების, გამოცემის, დისტრიბუციის და სხვა ცნობები
გამოცემის, წარმოების, დისტრიბუციის... ადგილი თბილისი,
გამოცემის, წარმოების, დისტრიბუციის... თარიღი 2001.
300 ## - ფიზიკური აღწერა
Extent 208 გვ.;
Other physical details 19 სმ.
490 ## - სერიის ცნობა
Series statement ევროკავშირის მკვლევარი
500 ## - ზოგადი შენიშვნა
General note პარალ. თავფ. ინგლ. ენ.
653 ## - INDEX TERM--UNCONTROLLED
Uncontrolled term ევროპის ქვეყნების სტატისტიკა
653 ## - INDEX TERM--UNCONTROLLED
Uncontrolled term თანამედროვე ევროპა ციფრებში
700 ## - ADDED ENTRY--PERSONAL NAME
Personal name ჭანტურია, გია
Relator term რედაქტორი
9 (RLIN) 3574
700 ## - ADDED ENTRY--PERSONAL NAME
Personal name რაინგოლდი, ნელი
Relator term მხატვარი
9 (RLIN) 6422
942 ## - ADDED ENTRY ELEMENTS (KOHA)
Koha item type წიგნი
Source of classification or shelving scheme
ეგზემპლარები
ჩამოწერის სტატუსი დაკარგული ეგზემპლარის სტატუსი კლასიფიკაციის წყარო ან თაროზე გაწყობის სქემა დაზიანების სტატუსი არ გაიცემა მუდმივი მდებარეობა (დაცვის ადგილი) ამჟამინდელი ადგილსამყოფელი თაროზე განთავსების ადგილი შეძენის თარიღი ღირებულება, შესყიდვის ნორმალური ფასი სრული შენახვის შიფრი შტრიხკოდი ბოლო ოპერაციის თარიღი ეგზემპლარის მიმდევრობითი ნომერი (კეტერი?) ფასის ძალაში შესვლის თარიღი ეგზემპლარის სახეობა საჯარო შენიშვნა
          ბათუმის შოთა რუსთაველის სახელმწიფო უნივერსიტეტის მთავარი ბიბლიოთეკა ბათუმის შოთა რუსთაველის სახელმწიფო უნივერსიტეტის მთავარი ბიბლიოთეკა წიგნსაცავი 2018-12-17 20.00 31(4)(035) თ-29 320 2018-12-17 320 2018-12-17 წიგნი 20 ლ.
          ბათუმის შოთა რუსთაველის სახელმწიფო უნივერსიტეტის მთავარი ბიბლიოთეკა ბათუმის შოთა რუსთაველის სახელმწიფო უნივერსიტეტის მთავარი ბიბლიოთეკა წიგნსაცავი 2018-12-17 20.00 31(4)(035) თ-29 321 2018-12-17 321 2018-12-17 წიგნი 20 ლ.